Wpływ jakości środowiska przyrodniczego na kondycję zdrowotną ludzi

Salvato in:
Dettagli Bibliografici
Autore principale: Pakulska, Jolanta
Altri autori: Rutkowska, Małgorzata
Natura: Capitolo di libro
Lingua:polacco
Tags: Aggiungi Tag
Nessun Tag, puoi essere il primo ad aggiungerne!!

MARC

LEADER 00000naa a2200000 4500
001 0151584
005 20220929132244.7
041 0 |a pol 
044 |a PL 
245 1 0 |a Wpływ jakości środowiska przyrodniczego na kondycję zdrowotną ludzi  |c Jolanta Pakulska, Małgorzata Rutkowska 
100 1 |a Pakulska, Jolanta 
700 1 |a Rutkowska, Małgorzata